000 00538cam a22001932 4500
001 0000019649
005 20151217161148.0
008 110115s xx 000 0 eng d
020 _a00077196456
040 _aKABU
_cKABU
245 1 0 _aCollins Spanish grammar.
250 _a1st ed.
260 _aGlasgow :
_bHarperCollins,
_c2004.
300 _a316xii, 216, 92 p.
650 0 _aSpanish language
_xGrammar.
_@0000179481
852 1 _9p450 KES
908 _a110115
950 _@1
999 _c15207
_d15207